1212 1956 1957 1065 1736 1970 1115 1987 1745 1396 1261 1190 1498 1060 1183 1689 1007 1050 1888 1354 1832 1309 1404 1307 1340 1433 1960 1178 1698 1959 1484 1277 1291 1455 1443 1803 1133 1221 1408 1686 1231 1349 1742 1650 1767 1320 1255 1742 1925 1726 1006 1643 1642 1677 1393 1798 1482 1817 1675 1662 1074 1693 1579 1877 1631 1872 1132 1777 1379 1824 1816 1397 1769 1521 1679 1886 1165 1083 1011 1247 1563 1279 1633 1469 1509 1784 1914 1623 1394 1126 1326 1827 1590 1235 1870 1244 1601 1128 1579 BCNSPRNW ULIB Ver.6.0+V

เปลี่ยนเป็นภาษาไทย

Change to English
 แสดงรายละเอียดบรรณานุกรม
  กลับหน้าหลัก

Brief Record : Get Marc (ISO 2709) : E-mail record : QR code < ปิดหน้าต่าง
LEADER : 00000nam 2200000uu 4500
001    13399123701
003     ULIB
008    020711s2549 th a 000 0 tha d
020    9748498182
099    วจ.WY18^bส882ป
100    สุวิมล มณีโชติ
245    ปัจจัยที่สัมพันธ์กับความสำเร็จในการสอบขึ้นทะเบียนรับใบอนุญาติประกอบวิชาชีพ ของผู้สำเร็จการศึกษาจาก วิทยาลัยพยาบาลบรมราชชนนี ตรัง/^cโดย สุวิมล มณีโชติ และปัทมา แคนยุกต์
260    ตรัง :^bวิทยาลัยพยาบาลบรมราชชนนี ตรัง,^c2549
300    71 หน้า
650    การสอบขึ้นทะเบียนรับใบอนุญาติ^xวิจัย
700    ปัทมา แคนยุกต์
710    วิทยาลัยพยาบาลบรมราชชนนี ตรัง
945    ^p0^l0^i020942
รายการนี้ยังไม่มีแท็ก
คุณยังไม่ได้ล็อกอิน คุณสามารถมีกิจกรรมร่วมกับเว็บไซต์ได้ แต่ต้องล็อกอินก่อน ::
  ล็อกอิน

รายการสื่อสารสนเทศ

ลำดับที่ ประเภท เลขเรียก/บาร์โค้ด สถานที่ สถานะ
1. งานวิจัย
งานวิจัย
วจ.WY18 ส882ป ฉ.1 
  Barcode: 020942
ห้องสมุดวิทยาเขตสวรรค์ประชารักษ์
►วิจัย
บนชั้น

รายการใกล้เคียง
    ผู้แต่ง [สุวิมล มณีโชติ]

BibComment


ยังไม่เคยถูกคอมเมนท์

คอมเมนท์ทรัพยากรรายการนี้
  คอมเมนท์: ปัจจัยที่สัมพันธ์..


 Copyright 2026. Bcnsprnw @Library